000 00513nam a22001697a 4500
005 20240419150039.0
008 240419b |||||||| |||| 00| 0 eng d
020 _a9781844809523
082 _a005.1
_bLAN-M
100 _aLano, Kevin
245 _aModel-Driven software development with UML and java /
_cKevin Lano
260 _aSingapore:
_bCengage learning;
_c2009.
300 _avi, 436 p. :
_bill;
_c23 cm.
500 _ainclude index.
650 _acomputer science/Java programming language
999 _c35555
_d35555